000
00337pab a2200145 454500
008
180718b2001 xxu||||| |||| 00| 0 eng d
100
_a
Ghosh, Arun
245
_a
Globalisation and its paradoxes
260
_c
2001
300
_a
p.14
362
_a
9 Jan
650
_a
Globalization
773
_a
Hindu (Business Line)
909
_a
48578
999
_c
48578
_d
48578